00964naa#a2200193#i#4500001002300000005001700023011001400040100004100054102000700095200028200102210016900384215001000553608004500563675005200608700003000660700003200690700003400722856001400756RU\INFRA-M\bibl\12680620260704110002.6##a2305-7807##a20260430b2026####ek#y0rusy0150####ca##aRU1#aИССЛЕДОВАНИЕ ИНТЕГРАЦИИ ИСКУССТВЕННОГО ИНТЕЛЛЕКТА В ПРОЦЕССЫ КОРПОРАТИВНОГО ОБУЧЕНИЯ ПЕРСОНАЛА: ПО МАТЕРИАЛАМ ОПРОСА HR-ЭКСПЕРТОВeЖурнальная статья1#aМоскваcОбщество с ограниченной ответственностью «Научно-издательский центр ИНФРА-М»d2026##a4 с.##aЖурнальная статья2local##aУправление кадрами. 331.108.26#1aКоробкинgС. В.#1aКоробкинаgМ. А.#1aОмельченкоgН. В.4#azh-szf.ru